| 000 | 01241nam a22004330a 4500 | ||
|---|---|---|---|
| 001 | PT45447 | ||
| 003 | AR-LpoUNG | ||
| 005 | 20210131231057.0 | ||
| 008 | 191001s2008||||bl |||||||||||||||||por d | ||
| 020 |
_a9788574198583 _c$13,33 |
||
| 040 |
_aAR-LpoUNG _bspa _cAR-LpoUNG _eaacr |
||
| 041 | _apor | ||
| 044 | _abl | ||
| 082 | 0 | _a980.036 979arq | |
| 100 | 1 |
_aFunari, Pedro Paulo A. _eorg. |
|
| 245 | 1 | 0 |
_aArqueologia da repressão e da resistência na América Latina na era das ditaduras : _bdécadas de 1960-1980 |
| 250 | _a1§ ed. | ||
| 260 |
_aSão Paulo : _bAnnablume, _cseptiembre de 2008. |
||
| 300 |
_a215 p. : _bgráfs., fot. |
||
| 650 | 4 | _aAMERICA LATINA | |
| 650 | 4 | _aANALISIS HISTORICO | |
| 650 | 4 | _aAUTORITARISMO | |
| 650 | 4 | _aDERECHOS HUMANOS | |
| 650 | 4 | _aDICTADURA | |
| 650 | 4 | _aGENOCIDIO | |
| 650 | 4 | _aGOBIERNO MILITAR | |
| 650 | 4 | _aGOLPES DE ESTADO | |
| 650 | 4 | _aHISTORIA POLITICA | |
| 651 | 4 | _aAmérica Latina | |
| 653 | _aANTROPOLOGIA FORENSE | ||
| 653 | _aDESAPARECIDOS | ||
| 653 | _aMEMORIA COLECTIVA | ||
| 653 | _aREPRESION | ||
| 653 | _aTERRORISMO DE ESTADO | ||
| 700 | 1 |
_aAlberioni dos Reis, José _eorg. |
|
| 700 | 1 |
_aZarankin, Andrés _eorg. |
|
| 905 | _a45447 | ||
| 942 | _cLIB | ||
| 999 |
_c7859 _d7859 |
||